| 000 | 00530nam a22002057a 4500 | ||
|---|---|---|---|
| 005 | 20251108174946.0 | ||
| 008 | 250721s2006 xx 000 0 ara d | ||
| 020 | _a9957092669 | ||
| 082 | 1 | 4 | _a811.9565/رحي |
| 100 | 1 |
_aرحيم، مقداد _eمؤلف |
|
| 245 | 1 | 0 | _aمجمرة النبض / |
| 264 | _c2006. | ||
| 300 | _a101ص. | ||
| 650 | 1 | 7 | _aالأدب العربي |
| 650 | 1 | 7 | _aالشعر العربي |
| 650 | 1 | 7 | _aالشعر المعاصر |
| 650 | 1 | 7 | _aالأردن |
| 942 |
_2ddc _cBK |
||
| 999 |
_c122538 _d122538 |
||